000 00869nam a2200265 a 4500
001 BRL_1529
005 20190320211241.0
008 170214s1978----mx-ao#####---#000-0#spa-#
041 _aspa
044 _amx
050 4 _aF1219.3.M4
_b.L86 1978
100 1 _aLuna Parra de García Sainz, Georgina
_927182
245 1 0 _aEn el mundo de la máscara
_cGeorgina Luna Parra de García Sainz y Graciela Romandía de Cantú ; fotos de Ignacio Urquiza.
260 _aMéxico
_bFomento Cultural Banamex
_c1978
300 _a131 p.
_bil. (a color)
_c31 cm.
500 _aAu1765
500 _aEl paisaje de México
504 _aBibliografía: p. [132]
650 1 4 _aMáscaras
_zMéxico
_94284
650 1 4 _aDanzas indígenas
_zMéxico
_927183
700 1 _aRomandía de Cantú, Graciela
_9817
700 1 _aUrquiza, Ignacio
_eil.
_927184
902 _aGRL
942 _2lcc
_cB
999 _c10338
_d10338